Normal view
MARC view
- IQBALIAT BIOGRAPHY-IQBA
Entry Topical Term
001 - CONTROL NUMBER
- control field: 78843
003 - CONTROL NUMBER IDENTIFIER
- control field: NUST
005 - DATE AND TIME OF LATEST TRANSACTION
- control field: 20210628210302.0
008 - FIXED-LENGTH DATA ELEMENTS
- fixed length control field: 210628|| aca||aabn | a|a d
040 ## - CATALOGING SOURCE
- Original cataloging agency: NUST
- Transcribing agency: NUST
150 ## - HEADING--TOPICAL TERM
- Topical term or geographic name entry element: IQBALIAT BIOGRAPHY-IQBA
670 ## - SOURCE DATA FOUND
- Source citation: Work cat.: (NUST): Hasan Akhtar, Malik 78842, Iqbal aur muslim mufaqreen, 1992
